Central Library OPAC University of Rajshahi

The economics of advertising / (Record no. 62585)

MARC details
000 -LEADER
fixed length control field 00778nam a2200253 a 4500
001 - CONTROL NUMBER
control field 62585
003 - CONTROL NUMBER IDENTIFIER
rucl marc code BD-RjUL
005 - DATE AND TIME OF LATEST TRANSACTION
control field 20211209081112.0
008 - FIXED-LENGTH DATA ELEMENTS--GENERAL INFORMATION
fixed length control field 170124r19751972ne bs 001 0 eng
020 ## - INTERNATIONAL STANDARD BOOK NUMBER
International Standard Book Number 0444103902
035 ## - SYSTEM CONTROL NUMBER
System control number (BD-RjUL)62711
040 ## - CATALOGING SOURCE
Original cataloging agency DLC
Transcribing agency DLC
Modifying agency BD-RjUL
Language of cataloging eng
041 ## - LANGUAGE CODE
Language code of text/sound track or separate title eng
082 ## - DEWEY DECIMAL CLASSIFICATION NUMBER
Edition number 23
Classification number 659.1
Author mark and year SCE 1975
100 1# - MAIN ENTRY--PERSONAL NAME
Personal name Schmalensee, Richard.
9 (RLIN) 186064
245 14 - TITLE STATEMENT
Title The economics of advertising /
Statement of responsibility, etc. Richard Schmalensee
260 ## - PUBLICATION, DISTRIBUTION, ETC. (IMPRINT)
Place of publication, distribution, etc. Amsterdam :
Name of publisher, distributor, etc. North-Holland,
Date of publication, distribution, etc. 1972 [ Second printing 1975 ]
300 ## - PHYSICAL DESCRIPTION
Pagination xiii, 312 p. ;
Size 23 cm
490 1# - SERIES STATEMENT
Series statement Contributions to economic analysis ;
Volume/sequential designation 80
504 ## - BIBLIOGRAPHY, ETC. NOTE
Bibliography, etc Bibliography: p. 291-301
650 #0 - SUBJECT ADDED ENTRY--TOPICAL TERM
Topical term or geographic name as entry element Advertising
9 (RLIN) 184262
830 #0 - SERIES ADDED ENTRY--UNIFORM TITLE
Uniform title Contributions to economic analysis ;
Volume number/sequential designation 80
942 ## - ADDED ENTRY ELEMENTS (KOHA)
Source of classification or shelving scheme Dewey Decimal Classification
Koha item type Books
Holdings
Lost status Source of classification or shelving scheme Damaged status Not for loan Collection code Permanent Location Current Location Shelving location Date acquired Source of acquisition Total Checkouts Full call number Date last seen Copy number Koha item type
  Dewey Decimal Classification   Not For Loan Non-fiction Central Library, University of Rajshahi Central Library, University of Rajshahi Reading Room 02/04/1979 Netherland   659.1 SCE 1975 24/01/2017 C-1 Books